00776nam a22001697a 4500008004100000020001500041050001500056100002300071245005100094250000800145260005300153300003800206500002000244505027600264650003900540650002700579120510t xxu||||| |||| 00| 0 eng d a0131803816 aHF1411.Sa3 aSalvatore Dominick aInternational economics. /cDominick Salvatore a5th aEnglewood Cliffs, N.J. : bPrentice Hall,c1995. axxxvii, 778 p. :bill. ; c25 cm. aIncludes index. aIntroduction -- Internationsl trade theory -- International trade policy -- Foregin exchange markets, exchange rates and the balance of payments -- Open- economy macroeconomics: adjustment in the balance of payments and domestic stability -- Answers to selected problems. aInternational economic relations.  aInternational finance